鹿島鉄道線の駅 - Statistics

General Stats
  • This quiz has been taken 3 times
  • The average score is 8 of 17
Answer Stats
所在地 駅名 % Correct
石岡市 石岡
100%
鉾田市 鉾田
100%
小美玉市 常陸小川
67%
小美玉市 小川高校下
67%
行方市 八木蒔
67%
行方市 玉造町
67%
石岡市 石岡南台
33%
石岡市 東田中
33%
小美玉市 玉里
33%
小美玉市 新高浜
33%
小美玉市 四箇村
33%
行方市 桃浦
33%
行方市
33%
行方市 榎本
33%
鉾田市 借宿前
33%
鉾田市 巴川
33%
鉾田市 坂戸
33%
No matching quizzes found
Score Distribution
Percent of People with Each Score
Percentile by Number Answered
Your Score History
You have not taken this quiz